Mixed Word: Begins & Ends with E Quiz Stats

 Plays Quiz not verified by Sporcle

Challenge
Share
Tweet
Embed
Score 0/36 Timer 03:00
0 Plays Today
Scrambled Word Answer % Correct
ESRAEERASE
97.8%
ELAGEEAGLE
95%
EADVEEVADE
93.5%
EPLOEELOPE
92.9%
EDROEERODE
91%
EOMTEEMOTE
87.3%
ETIXCEEXCITE
86%
EATLEELATE
85.4%
EMNYZEENZYME
82%
ETATSEESTATE
81.1%
ETAQUEEQUATE
79.2%
ESPALEELAPSE
69.9%
ECINTEENTICE
69.9%
ENINGEENGINE
64.9%
EPRIMEEMPIRE
64.6%
EGREMEEMERGE
64%
EBLIDEEDIBLE
63.4%
ELABNEENABLE
63%
Scrambled Word Answer % Correct
EVINDEENDIVE
58.1%
EGLARNEENLARGE
58.1%
EDOPSIEEPISODE
58.1%
ESPLICEECLIPSE
57.5%
EDACUTEEDUCATE
56.5%
EBILGILEELIGIBLE
54.3%
EXMERTEEXTREME
53.7%
EINMAXEEXAMINE
52.2%
EZMZEBLEEMBEZZLE
51.6%
EAUVTACEEVACUATE
41%
ESNORDEENDORSE
40.4%
ECRAMBEEMBRACE
34.2%
EIFVCEFTEEFFECTIVE
31.4%
EOMYEPLEEMPLOYEE
28.6%
EOERCTCTLUEELECTROCUTE
27.6%
EIGUPOLEEPILOGUE
25.2%
EBLOAREEARLOBE
12.7%
ELITECREERECTILE
7.1%

You're not logged in!

Compare scores with friends on all Sporcle quizzes.
OR
Log In

You Might Also Like...

Show Comments

Extras

Curator's Pick Oct 19, 2014ReportNominate
Tags:Mixed Word Quiz

Top Quizzes Today


Score Distribution

Your Account Isn't Verified!

In order to create a playlist on Sporcle, you need to verify the email address you used during registration. Go to your Sporcle Settings to finish the process.

Report this User

Report this user for behavior that violates our Community Guidelines.

Details: